| 000 | 00357nam a2200145Ia 4500 | ||
|---|---|---|---|
| 003 | OSt | ||
| 005 | 20231221060954.0 | ||
| 008 | 170524s9999 xx 000 0 und d | ||
| 020 | _a9788126123292 | ||
| 040 | _cIIMT UNIVERSITY | ||
| 100 | _aSHAMSHI- N A | ||
| 245 | 0 | _aJOURNALISM : LANGUAGE & EXPERSION | |
| 260 | _bANMOL PUB. : NEW DELHI | ||
| 942 |
_2ddc _c01 |
||
| 999 |
_c9228 _d9228 |
||